<?xml version="1.0" encoding="UTF-8"?>
<record
    xmlns:xsi="http://www.w3.org/2001/XMLSchema-instance"
    xsi:schemaLocation="http://www.loc.gov/MARC21/slim http://www.loc.gov/standards/marcxml/schema/MARC21slim.xsd"
    xmlns="http://www.loc.gov/MARC21/slim">

  <leader>01004nam a2200313Ia 4500</leader>
  <controlfield tag="001">dia_183</controlfield>
  <controlfield tag="003">CHAP</controlfield>
  <controlfield tag="005">20221208132610.0</controlfield>
  <controlfield tag="008">220117s2016    xx            000 0 und d</controlfield>
  <datafield tag="010" ind1=" " ind2=" ">
    <subfield code="a">170615</subfield>
  </datafield>
  <datafield tag="020" ind1=" " ind2=" ">
    <subfield code="a">978-1-4822-2031-5</subfield>
  </datafield>
  <datafield tag="040" ind1=" " ind2=" ">
    <subfield code="c">CHAP</subfield>
  </datafield>
  <datafield tag="082" ind1=" " ind2=" ">
    <subfield code="a">641.36 M43 2016</subfield>
  </datafield>
  <datafield tag="245" ind1=" " ind2=" ">
    <subfield code="a">Meat quality : genetic and enviromental factors  /</subfield>
    <subfield code="c"> edici&#xF3;n Wieslaw Przybylski y David Hopkins</subfield>
  </datafield>
  <datafield tag="260" ind1=" " ind2=" ">
    <subfield code="a">Estados Unidos de Am&#xE9;rica  :</subfield>
    <subfield code="b"> CRC Press,</subfield>
    <subfield code="c">2016</subfield>
  </datafield>
  <datafield tag="300" ind1=" " ind2=" ">
    <subfield code="a">xv, 472 p.</subfield>
  </datafield>
  <datafield tag="440" ind1=" " ind2=" ">
    <subfield code="a">Chemical and functional properties of food components</subfield>
    <subfield code="9">147506</subfield>
  </datafield>
  <datafield tag="503" ind1=" " ind2=" ">
    <subfield code="a">C/e</subfield>
  </datafield>
  <datafield tag="504" ind1=" " ind2=" ">
    <subfield code="a">Incluye bibliograf&#xED;as</subfield>
  </datafield>
  <datafield tag="590" ind1=" " ind2=" ">
    <subfield code="a">TS1955 M43 2016</subfield>
  </datafield>
  <datafield tag="650" ind1=" " ind2=" ">
    <subfield code="a">Carne</subfield>
    <subfield code="x">Control de calidad  </subfield>
    <subfield code="9">147507</subfield>
  </datafield>
  <datafield tag="650" ind1=" " ind2=" ">
    <subfield code="a">Meat</subfield>
    <subfield code="x">Quality control</subfield>
    <subfield code="9">147508</subfield>
  </datafield>
  <datafield tag="700" ind1=" " ind2=" ">
    <subfield code="a">Hopkins, David, ed.</subfield>
    <subfield code="9">147509</subfield>
  </datafield>
  <datafield tag="700" ind1=" " ind2=" ">
    <subfield code="a">Przybylski, Wieslaw, ed. </subfield>
    <subfield code="9">147510</subfield>
  </datafield>
  <datafield tag="901" ind1=" " ind2=" ">
    <subfield code="a">641.36 M43 2016</subfield>
  </datafield>
  <datafield tag="902" ind1=" " ind2=" ">
    <subfield code="a">M</subfield>
  </datafield>
  <datafield tag="905" ind1=" " ind2=" ">
    <subfield code="a">5232272016                          -usadmn8222223322eng16</subfield>
  </datafield>
  <datafield tag="942" ind1=" " ind2=" ">
    <subfield code="c">LIBRO</subfield>
    <subfield code="2">ddc</subfield>
  </datafield>
  <datafield tag="999" ind1=" " ind2=" ">
    <subfield code="c">170615</subfield>
    <subfield code="d">170615</subfield>
  </datafield>
  <datafield tag="952" ind1=" " ind2=" ">
    <subfield code="0">0</subfield>
    <subfield code="1">0</subfield>
    <subfield code="2">ddc</subfield>
    <subfield code="4">0</subfield>
    <subfield code="7">0</subfield>
    <subfield code="8">GRAL</subfield>
    <subfield code="a">IA_</subfield>
    <subfield code="b">IA_</subfield>
    <subfield code="d">2022-01-18</subfield>
    <subfield code="f">1</subfield>
    <subfield code="l">0</subfield>
    <subfield code="o">641.36 M43 2016</subfield>
    <subfield code="p">dia_010270</subfield>
    <subfield code="r">2022-01-18 00:00:00</subfield>
    <subfield code="t">1</subfield>
    <subfield code="w">2022-01-18</subfield>
    <subfield code="y">LIBRO</subfield>
  </datafield>
</record>
